LEADER 01130nam a2200205 i 4500 001 000000001126 003 CaOOAMICUS 005 20180830125434.0 008 180830s1949 fr u000 u und u 040 $aSeMil$bita 100 1 $aDopp, Joseph.$0(OLS)http://semarc/name/981 245 10$aLeçons de logique formelle /$cJoseph Dopp. 260 $aLouvain :$bÉditions de l'Institut Supérieur de Philosophie,$c1949-1950. 300 $a3 v. ;$c23 cm. 650 4$aLogica formale.$0(OLS)http://semarc/subject/393 774 0 $tLogique ancienne.$dLouvain : Éd. de l'Institut Supérieur de Philosophie, 1949.$w()72787 774 0 $t2: Logique moderne. 1, Le calcul des propositions inanalysées.$dLouvain : Éditions de l'Institut Supérieur de Philosophie, 1950.$w()178898 774 0 $t3: Logique moderne. 2, Logique des propositions à une ou plusieurs mentions d'objets.$dLouvain : Éditions de l'Institut Supérieur de Philosophie, 1950.$w()178899 996 $6245$aLeçons de logique formelle$9(OLS)http://semarc/title/1825 996 $6260$aLouvain :$bÉditions de l'Institut Supérieur de Philosophie$9(OLS)http://semarc/publisher/30149 LEADER 00714nam a2200181 i 4500 001 000000007946 003 CaOOAMICUS 005 20180830125439.0 008 180830n it u000 u ita u 040 $aSeMil$bita 245 10$aStudi in onore di Giorgio Balladore Pallieri. 260 $aMilano :$bVita e Pensiero,$c[1978]?. 300 $a2 v. ;$c22 cm. 600 14$aBalladore Pallieri, Giorgio <1905-1980>.$0(OLS)http://semarc/subject/1278 774 0 $tVol. 2.$kScienze giuridiche$w()117879 774 0 $tVolume primo.$kScienze giuridiche$w()141229 996 $6245$aStudi in onore di Giorgio Balladore Pallieri$9(OLS)http://semarc/title/10585 996 $6260$aMilano :$bVita e Pensiero$9(OLS)http://semarc/publisher/29642